|
|
|
|
| LEADER |
01569nam a2200349 a 4500 |
| 001 |
1510182 |
| 008 |
090914s1990 nju b 001 0 eng d |
| 010 |
|
|
|a 89039164
|
| 020 |
|
|
|a 069107822X :
|c $49.50
|
| 020 |
|
|
|a 0691023115 (pbk.) :
|c $14.95
|
| 040 |
|
|
|a DLC
|c DLC
|d DLC
|
| 082 |
0 |
0 |
|a 370.19
|2 19
|
| 100 |
1 |
|
|a Carnoy, Martin.
|
| 245 |
1 |
0 |
|a Education and social transition in the Third World /
|c Martin Carnoy and Joel Samoff ; with Mary Ann Burris, Anton Johnston, Carlos Alberto Torres.
|
| 260 |
|
|
|a Princeton, N.J. :
|b Princeton University Press,
|c c1990.
|
| 300 |
|
|
|a xiv, 410 p. ;
|c 24 cm.
|
| 504 |
|
|
|a Includes bibliographical references (p. [381]-402) and index.
|
| 541 |
1 |
|
|e 00005654
|
| 650 |
|
0 |
|a Education and state
|z Developing countries
|x Cross-cultural studies.
|
| 650 |
|
0 |
|a Social change
|z Developing countries
|x Case studies.
|
| 650 |
|
0 |
|a Socialism and education
|z Developing countries
|x Cross-cultural studies.
|
| 650 |
|
0 |
|a Social change
|x Cross-cultural studies.
|
| 650 |
|
0 |
|a Education and state
|z China.
|
| 650 |
|
0 |
|a Education and state
|z Cuba.
|
| 650 |
|
0 |
|a Education and state
|z Tanzania.
|
| 650 |
|
0 |
|a Education and state
|z Mozambique.
|
| 650 |
|
0 |
|a Education and state
|z Nicaragua.
|
| 651 |
|
0 |
|a Developing countries
|x Economic conditions
|x Cross-cultural studies.
|
| 700 |
1 |
|
|a Samoff, Joel.
|
| 852 |
4 |
|
|a Ayesha Abed Library
|j General Shelf.
|
| 999 |
|
|
|c 4136
|d 4136
|
| 952 |
|
|
|0 0
|1 0
|2 ddc
|4 0
|6 370_190000000000000_EDU_1990
|7 0
|9 3808
|a BRACUL
|b BRACUL
|c GEN
|d 2009-10-03
|g 1708.00
|l 1
|o 370.19 EDU
|p 3010005654
|r 2018-11-29
|s 2018-11-20
|t 1
|w 2009-10-03
|y BK
|